Brahmanandas Commentary On Hathapradika Jyotsna (Record no. 11777)

MARC details
000 -LEADER
fixed length control field 00385nam a2200145Ia 4500
008 - FIXED-LENGTH DATA ELEMENTS--GENERAL INFORMATION
fixed length control field 220613s9999||||xx |||||||||||||| ||und||
020 ## - INTERNATIONAL STANDARD BOOK NUMBER
International Standard Book Number+Amount 8189485660
100 ## - MAIN ENTRY--PERSONAL NAME
Author Name Sharma B R & Maheshanananda Swami
245 #0 - TITLE STATEMENT
Title Brahmanandas Commentary On Hathapradika Jyotsna
250 ## - EDITION STATEMENT
Edition 1st(2011)Reprint(2012
260 ## - PUBLICATION, DISTRIBUTION, ETC. (IMPRINT)
Name of publisher Kaivalyadhama Lonavia
300 ## - PHYSICAL DESCRIPTION
Page No 482
650 ## - SUBJECT ADDED ENTRY--TOPICAL TERM
Subject yoga
942 ## - ADDED ENTRY ELEMENTS (KOHA)
Koha item type GB
Holdings
Withdrawn status Lost status Source of classification or shelving scheme Damaged status Not for loan Home library Current library Date acquired Total Checkouts Barcode Date last seen Date checked out Koha item type
    Dewey Decimal Classification     SRHU Library System School of Yoga Sciences 27/05/2023 1 CL0019947 18/09/2023 27/05/2023 Yoga Science
    Dewey Decimal Classification     SRHU Library System School of Yoga Sciences 27/05/2023 1 CL0019948 18/09/2023 27/05/2023 Yoga Science
    Dewey Decimal Classification     SRHU Library System School of Yoga Sciences 27/05/2023 1 CL0019949 18/09/2023 27/05/2023 Yoga Science
    Dewey Decimal Classification     SRHU Library System School of Yoga Sciences 27/05/2023 1 CL0019950 18/09/2023 27/05/2023 Yoga Science
    Dewey Decimal Classification     SRHU Library System School of Yoga Sciences 27/05/2023 1 CL0019951 18/09/2023 27/05/2023 Yoga Science
    Dewey Decimal Classification     SRHU Library System School of Yoga Sciences 27/05/2023 1 CL0019952 18/09/2023 27/05/2023 Yoga Science
    Dewey Decimal Classification     SRHU Library System School of Yoga Sciences 27/05/2023 1 CL0019953 18/09/2023 27/05/2023 Yoga Science
    Dewey Decimal Classification     SRHU Library System School of Yoga Sciences 27/05/2023 1 CL0019954 18/09/2023 27/05/2023 Yoga Science
    Dewey Decimal Classification     SRHU Library System School of Yoga Sciences 27/05/2023 1 CL0019955 18/09/2023 27/05/2023 Yoga Science
    Dewey Decimal Classification     SRHU Library System School of Yoga Sciences 27/05/2023 1 CL0019956 18/09/2023 27/05/2023 Yoga Science
Designed & Maintained by: SRHU Library System
Central Library, Contact: